Normal view
MARC view
- National Academy of Science Washington
Entry Corporate Name
001 - CONTROL NUMBER
- control field: 38089
003 - CONTROL NUMBER IDENTIFIER
- control field: NUST
005 - DATE AND TIME OF LATEST TRANSACTION
- control field: 20210314130532.0
008 - FIXED-LENGTH DATA ELEMENTS
- fixed length control field: 210314|| aca||aabn | a|a d
040 ## - CATALOGING SOURCE
- Original cataloging agency: NUST
- Transcribing agency: NUST
110 ## - HEADING--CORPORATE NAME
- Corporate name or jurisdiction name as entry element: National Academy of Science Washington
670 ## - SOURCE DATA FOUND
- Source citation: Work cat.: (NUST): National Academy of Science Washington, Highway safety: Roadway improvements, Accident rates, and Bicycle programs , 1981
